Normal view
MARC view
- Aarea Array Packaging Materials
Entry Topical Term
001 - CONTROL NUMBER
- control field: 114057
003 - CONTROL NUMBER IDENTIFIER
- control field: NUST
005 - DATE AND TIME OF LATEST TRANSACTION
- control field: 20230808163400.0
008 - FIXED-LENGTH DATA ELEMENTS
- fixed length control field: 230808|| aca||aabn | a|a d
040 ## - CATALOGING SOURCE
- Original cataloging agency: NUST
- Transcribing agency: NUST
150 ## - HEADING--TOPICAL TERM
- Topical term or geographic name entry element: Aarea Array Packaging Materials
670 ## - SOURCE DATA FOUND
- Source citation: Work cat.: (NUST)595442: Gilleo, Ken 62951, Aarea Array Packaging Materials:, 2004.
